00679nam a2200253 a 4500001001300000003000900013005001700022008004100039020000900080082002000089100001700109245002000126260003200146300000900178500003500187505001000222650001300232650001200245700001700257902000800274942000700282952011900289999001700408nice12345678IN_TiNIC20260116013934.0050524s1992 dela grp 000 0 eng  ac7500a324.245408bDUB aDubashi, Jay aRoad to Ayodhya aDelhibVoice of Indiac1992 a179p aincludes index and biblioraphy2 aIndex aHindutva aAyodhya1 aDubashi, Jay bSRS cBK 001040708StackRoom-aHMIbHMId2008-12-19g75.00l0o324.245408 DUBp017868r2008-12-19v75.00w2005-05-24yBK c13190d13190